000 00935nam a22003137a 4500
003 CHAP
005 20220329143502.0
008 100120s1993 mx r 00010 spa d
010 _a97345
011 _a98317
020 _a842411499X
035 _a109001
040 _cCHAP
082 0 4 _a463.1
_bD54
245 0 0 _aDiccionario Everest :
_bsinónimos y antónimos
_c/por Everest
250 _a2 ed
260 _aMadrid :
_bEverest,
_c1993
300 _a638 p.
590 _aBATCH-UPD
_b10
_c20130110
_lUCH01
_h1340
590 _aBATCH-UPD
_b10
_c20130410
_lUCH01
_h0841
590 _aBATCH-UPD
_b10
_c20130914
_lUCH01
_h1320
590 _aCONVERSION
_b10
_c20130109
_lUCH01
_h1354
650 1 4 _aEspañol
_xAntónimos
_xDiccionarios.
_937724
650 1 4 _aEspañol
_xSinónimos
_xDiccionarios.
_937745
901 _aBK
911 _aen proceso
942 _cLIBRO
949 _a463.1 D54
_bBC
_cC
_d33724002132595
_eC
_gI.c/e
_h111677
_i109001
_sb
999 _c97345
_d97345